NHL Top 100 Players 2016-17 - Statistics

General Stats
  • This quiz has been taken 423 times
  • The average score is 61 of 100
Answer Stats
Position Team Answer % Correct
C Penguins Sidney Crosby
100%
RW Blackhawks Patrick Kane
98%
G Canadiens Carey Price
96%
C Oilers Connor McDavid
96%
C Penguins Evgeni Malkin
95%
LW Capitals Alex Ovechkin
94%
LW Bruins Brad Marchand
93%
C Maple Leafs Auston Matthews
91%
D Sharks Brent Burns
91%
D Senators Erik Karlsson
91%
LW Stars Jamie Benn
91%
C Islanders John Tavares
90%
C Lightning Steven Stamkos
89%
G Capitals Braden Holtby
88%
RW Lightning Nikita Kucherov
88%
C Ducks Ryan Getzlaf
88%
C Stars Tyler Seguin
87%
C Capitals Nicklas Backstrom
86%
D Lightning Victor Hedman
86%
C Blackhawks Jonathan Toews
85%
G Blue Jackets Sergei Bobrovsky
85%
RW Blues Vladimir Tarasenko
84%
C Sabres Jack Eichel
82%
D Blackhawks Duncan Keith
81%
RW Jets Blake Wheeler
80%
LW Blackhawks Artemi Panarin
79%
RW Jets Patrick Laine
79%
C Kings Anze Kopitar
78%
C Jets Mark Scheifele
76%
RW Penguins Phil Kessel
76%
C Flyers Claude Giroux
75%
D Kings Drew Doughty
75%
D Predators P.K. Subban
74%
RW Ducks Corey Perry
73%
C Sharks Joe Pavelski
73%
C Bruins Patrice Bergeron
72%
RW Bruins David Pastrnak
71%
LW Flames Johnny Gaudreau
71%
C Maple Leafs Mitch Marner
71%
D Canadiens Shea Weber
71%
G Bruins Tuukka Rask
71%
C Panthers Aleksander Barkov
70%
C Oilers Leon Draisaitl
70%
C Capitals Evgeny Kuznetsov
68%
D Predators Roman Josi
68%
D Penguins Kris Letang
67%
LW Predators Filip Forsberg
66%
G Wild Devan Dubnyk
65%
LW Canadiens Max Pacioretty
63%
RW Capitals T.J. Oshie
63%
C Wild Eric Staal
62%
D Capitals John Carlson
62%
G Penguins Matt Murray
62%
LW Devils Taylor Hall
62%
C Maple Leafs William Nylander
62%
G Blackhawks Corey Crawford
61%
C Wild Mikko Koivu
60%
C Avalanche Nathan Mackinnon
60%
RW Flyers Jakob Voracek
59%
C Sabres Ryan O'Reilly
57%
D Blues Alex Pietrangelo
56%
LW Panthers Jonathan Huberdeau
56%
C Sharks Logan Couture
56%
C Maple Leafs Nazim Kadri
56%
LW Red Wings Henrik Zetterberg
55%
D Jets Dustin Byfuglien
52%
C Kings Jeff Carter
52%
C Flames Sean Monahan
50%
RW Blue Jackets Cam Atkinson
48%
LW Hurricanes Jeff Skinner
48%
C Predators Ryan Johansen
47%
LW Flyers Wayne Simmonds
46%
D Stars John Klingberg
45%
LW Jets Nikolaj Ehlers
45%
LW Rangers Chris Kreider
44%
RW Rangers Mats Zuccarello
43%
C Wild Mikael Granlund
43%
C Ducks Ryan Kesler
43%
LW Maple Leafs James Van Riemsdyk
41%
C Canucks Bo Horvat
40%
LW Senators Mike Hoffman
37%
LW Islanders Anders Lee
36%
LW Blue Jackets Brandon Saad
33%
C Maple Leafs Tyler Bozak
33%
C Flyers Brayden Schenn
30%
D Capitals Kevin Shattenkirk
30%
C Senators Kyle Turris
30%
LW Predators Victor Arvidsson
30%
LW Rangers J.T. Miller
29%
C Rangers Derek Stepan
26%
C Panthers Vincent Trocheck
23%
C Blue Jackets Alexander Wennberg
22%
C Wild Charlie Coyle
22%
LW Blues Jaden Schwartz
21%
LW Lightning Jonathan Drouin
21%
LW Capitals Marcus Johansson
21%
LW Penguins Conor Sheary
19%
RW Coyotes Radim Vrbata
18%
RW Wild Nino Niederreiter
16%
RW Ducks Patrick Eaves
10%
No matching quizzes found
Score Distribution
Percent of People with Each Score
Percentile by Number Answered
Your Score History
You have not taken this quiz